Discurso pronunciado por el generalísimo Doctor Rafael Leónidas Trujillo Molina, Presidente de la República, benefactor de la patria, en la gran Revista celebrada en Monseñor Nouel, el 28 de junio de 1936. (Record no. 30038)
[ view plain ]
| 000 -CABECERA | |
|---|---|
| campo de control de longitud fija | 00663nam a2200145 a 4500 |
| 001 - NÚMERO DE CONTROL | |
| campo de control | 000030546 |
| 005 - FECHA Y HORA DE LA ÚLTIMA TRANSACCIÓN | |
| campo de control | 20200930062354.0 |
| 008 - DATOS DE LONGITUD FIJA--INFORMACIÓN GENERAL | |
| campo de control de longitud fija | 110523q1936 dr c 000 | spa d |
| 040 ## - FUENTE DE LA CATALOGACIÓN | |
| Centro catalogador/agencia de origen | DO-SdBNP |
| Lengua de catalogación | spa |
| Centro/agencia transcriptor | BNPHU |
| 049 ## - FONDOS LOCALES (OCLC) | |
| Fondos de biblioteca | BNPD |
| 110 1# - ENTRADA PRINCIPAL--NOMBRE DE ENTIDAD CORPORATIVA | |
| Nombre de entidad corporativa o nombre de jurisdicción como elemento de entrada | República Dominicana. |
| Unidad subordinada | Presidente (1942-1952 : Trujillo Molina) |
| 9 (RLIN) | 57164 |
| 245 10 - MENCIÓN DE TÍTULO | |
| Título | Discurso pronunciado por el generalísimo Doctor Rafael Leónidas Trujillo Molina, Presidente de la República, benefactor de la patria, en la gran Revista celebrada en Monseñor Nouel, el 28 de junio de 1936. |
| 260 ## - PUBLICACIÓN, DISTRIBUCIÓN, ETC. | |
| Lugar de publicación, distribución, etc. | Ciudad Trujillo, República Dominicana : |
| Nombre del editor, distribuidor, etc. | Imprenta Listín Diario, |
| Fecha de publicación, distribución, etc. | [1936]. |
| 300 ## - DESCRIPCIÓN FÍSICA | |
| Extensión | 8 p. : |
| Otras características físicas | retr. ; |
| Dimensiones | 22 cm. |
| Estado de retiro | Estado de pérdida | Restricciones de uso | No para préstamo | Código de colección | Localización permanente | Ubicación/localización actual | Ubicación en estantería | Fecha de adquisición | Número de inventario | Total de préstamos | Signatura topográfica completa | Código de barras | Fecha visto por última vez | Precio válido a partir de | Tipo de ítem Koha | Nota pública |
|---|---|---|---|---|---|---|---|---|---|---|---|---|---|---|---|---|
| Excluido de préstamo | Raros y valiosos | Patrimonio Dominicano | Patrimonio Dominicano | En catalogación | 23.05.2011 | LF1 | 30546-10 | 25.06.2020 | 25.06.2020 | No se presta | Perteneció a la biblioteca personal de Martínez Boog. |
